Introduction to Ottoman cartography

Bibliographic Details
Published in:The history of cartography, J.B. Harley and David Woodward, Chicago [etc.], P. 206-208 (1)
Main Author: Karamustafa, Ahmet T.
Content type: Article
Published: 1992
Source:MPIPL_cat

MARC

LEADER 00000naa a2200000 u 4500
001 PL0053688
003 PLI01000000000000000053368
005 00000000000000.0
008 ||| u
100 1 |a Karamustafa, Ahmet T. 
245 0 0 |a Introduction to Ottoman cartography  |c Ahmet T. Karamustafa 
260 |c 1992 
773 0 8 |t The history of cartography  |a J.B. Harley and David Woodward  |k 1  |d Chicago [etc.]  |g P. 206-208  |w MPIPL_cat.PL0053654  |z 0-226-31635-1  |i In: 
952 |h P. 206-208 
996 |a Aufsatz 
997 |a book chapter